Leyendo a Euclides
Uloženo v:
| Hlavní autor: | |
|---|---|
| Médium: | Kniha |
| Jazyk: | španělština |
| Vydáno: |
Buenos Aires
Libros del Zorzal
2006
|
| Vydání: | 2a. ed |
| Edice: | Formación Docente. Matemática, 6
|
| Témata: | |
| Tagy: |
Přidat tag
Žádné tagy, Buďte první, kdo vytvoří štítek k tomuto záznamu!
|
MARC
| LEADER | 00000cam a2200000 a 4500 | ||
|---|---|---|---|
| 001 | UCE1044 | ||
| 003 | CL-VaPUC | ||
| 008 | 140324e20060000ag |||||||||||||||||spa|d | ||
| 020 | |a 9875990205 | ||
| 082 | 0 | 4 | |a 371.1 |b LEV |2 21 |
| 100 | 0 | |a Levi, Beppo |e author |9 573418 | |
| 245 | 1 | 0 | |a Leyendo a Euclides |
| 250 | |a 2a. ed | ||
| 300 | |a 222 p | ||
| 942 | |c BK | ||
| 945 | |d 20140324 12:18:00 |a dcastane | ||
| 260 | |a Buenos Aires |b Libros del Zorzal |c 2006 | ||
| 650 | 0 | |a Formación docente |9 494449 | |
| 650 | 0 | |a Filosofía de las matemáticas |9 265233 | |
| 650 | 0 | |a Formación profesional de profesores |9 307493 | |
| 583 | |a last modification |c 20140324 12:18:00 |k Rodrigo Vera | ||
| 490 | 0 | |a Formación Docente. Matemática, 6 | |
| 999 | |c 354986 |d 354984 | ||
| 952 | |0 0 |1 0 |3 erb |4 0 |6 371_100000000000000_LEV_2006 |7 0 |8 A |9 461239 |a BIBMAT |b BIBMAT |c E_DIDACT |i 506306K |l 1 |o 371.1 LEV 2006 |p 506306K |r 2025-01-07 |s 2024-09-27 |w 2019-11-23 |y BK |z Catalogado en:20140324 |k MAT | ||